BIBLIOTECA

SENCICO

Manual práctico de instalaciones hidráulicas, sanitarias y de calefacción / (Registro nro. 2651)

Detalles MARC
000 -LEADER
fixed length control field 01032nam a2200241Ia 4500
003 - CONTROL NUMBER IDENTIFIER
control field PE SENCICO BE
005 - DATE AND TIME OF LATEST TRANSACTION
control field 20251020182549.0
008 - FIXED-LENGTH DATA ELEMENTS--GENERAL INFORMATION
fixed length control field 200515s9999 xx 000 0 und d
040 ## - CATALOGING SOURCE
Original cataloging agency PE SENCICO BE
Transcribing agency PE SENCICO BE
041 ## - LANGUAGE CODE
Language code of text/sound track or separate title spa
082 ## - DEWEY DECIMAL CLASSIFICATION NUMBER
Classification number 696.18
Item number E64
100 1# - MAIN ENTRY--PERSONAL NAME
Personal name Enríquez Harper, Gilberto
9 (RLIN) 1327
Relator term autor
245 10 - TITLE STATEMENT
Title Manual práctico de instalaciones hidráulicas, sanitarias y de calefacción /
Statement of responsibility, etc. Gilberto Enríquez Harper
250 ## - EDITION STATEMENT
Edition statement [1a ed.]
260 ## - PUBLICATION, DISTRIBUTION, ETC.
Place of publication, distribution, etc. México, D. F. :
Name of publisher, distributor, etc. Limusa,
Date of publication, distribution, etc. 2012
300 ## - PHYSICAL DESCRIPTION
Extent 486 p. :
Other physical details diagrs.,
Dimensions 21 cm.
520 ## - SUMMARY, ETC.
Summary, etc. Presenta con un enfoque práctico y didáctico, los fundamentos necesarios que permiten a cualquier persona, diseñar, ampliar, construir, reparar y mantener en servicio las instalaciones de este tipo en casas habitación, edificios y todo tipo de áreas ocupadas por personas.
650 10 - SUBJECT ADDED ENTRY--TOPICAL TERM
Topical term or geographic name entry element Instalaciones sanitarias
9 (RLIN) 103
650 20 - SUBJECT ADDED ENTRY--TOPICAL TERM
Topical term or geographic name entry element Plomería
9 (RLIN) 207
650 20 - SUBJECT ADDED ENTRY--TOPICAL TERM
Topical term or geographic name entry element Calefacción
9 (RLIN) 702
650 20 - SUBJECT ADDED ENTRY--TOPICAL TERM
Topical term or geographic name entry element Instalaciones hidráulicas
9 (RLIN) 1328
942 ## - ADDED ENTRY ELEMENTS (KOHA)
Koha item type Libros
Source of classification or shelving scheme Dewey Decimal Classification
Existencias
Fecha de la última vez que lo usaron Número de ingreso o de inventario Pago total Signatura topográfica completa Precio efectivo desde Tipo de documento Estado perdido Sistema de clasificación Estado dañado No es para préstamo Retirado Ubicación permanente Ubicación actual Fecha de adquisición Fuente de adquisición
09/08/2023 16643   696.18/E64 09/08/2023 Libros   Dewey Decimal Classification       Biblioteca Central Lima Biblioteca Central Lima 03/08/2023 Comprado de la librería Cydma Tech